[Event "1st NAO GM"]
[Site "Paris FRA"]
[Date "2003.02.17"]
[Round "5"]
[White "Nikcevic,N"]
[Black "Husari,Sa"]
[Result "1-0"]
[WhiteElo "2468"]
[BlackElo "2335"]

1.c4 Nf6 2.Nc3 g6 3.Nf3 Bg7 4.e4 d6 5.d4 O-O 6.Be2 e5 7.O-O Nc6 8.d5 Ne7
9.b4 Nh5 10.Re1 f5 11.g3 Nf6 12.exf5 Nxf5 13.Bg5 h6 14.Bxf6 Qxf6 15.Ne4 Qf7
16.Rb1 Kh8 17.Rb3 Bd7 18.Ra3 a6 19.Bf1 c6 20.Bh3 Rad8 21.Bxf5 Bxf5 22.dxc6 bxc6
23.Nxd6 Qf6 24.c5 Bg4 25.Kg2 Qe6 26.Qc2 Bh3+ 27.Kg1 Rf4 28.Nxe5 Rf6 29.Nef7+ Rxf7
30.Rxe6 Bxe6 31.Qxg6 Rf6 32.Qh5 Rf5 33.Qh4 Rdf8  1-0

[Event "52nd ch-BUL w"]
[Site "Sofia BUL"]
[Date "2003.02.20"]
[Round "1"]
[White "Topel,Z"]
[Black "Djingarova,E"]
[Result "0-1"]
[WhiteElo "2131"]
[BlackElo "2267"]

1.d4 Nf6 2.Nf3 g6 3.c4 Bg7 4.Nc3 O-O 5.e4 d6 6.Be2 e5 7.O-O Nc6 8.d5 Ne7
9.b4 Nh5 10.c5 f5 11.Ng5 Nf6 12.f3 Nh5 13.Ne6 Bxe6 14.dxe6 Nc6 15.Bc4 Kh8
16.Nd5 Bf6 17.a3 Nd4 18.Nxf6 Qxf6 19.cxd6 cxd6 20.Bb2 Ng7 21.Qd3 Rfd8 22.f4 Ndxe6
23.exf5 gxf5 24.Bxe6 Qxe6 25.Qb5 Rd7 26.fxe5 d5 27.Rac1 d4 28.Rfd1 Rad8 29.Rc5 Qb3
30.Qe2 Ne6 31.Rcc1 Rg8 32.Qc2 Qd5 33.Rd2 Rdg7 34.Rf1 f4 35.Rdf2 Ng5 36.Qf5 Nf3+
37.Rxf3 Rxg2+ 38.Kh1 Rg1+  0-1

[Event "Open"]
[Site "Cappelle la Grande FRA"]
[Date "2003.02.28"]
[Round "8"]
[White "Komljenovic,D"]
[Black "Hebden,M"]
[Result "1/2-1/2"]
[WhiteElo "2431"]
[BlackElo "2515"]

1.d4 Nf6 2.Nf3 g6 3.c4 Bg7 4.Nc3 O-O 5.e4 d6 6.Be2 e5 7.O-O Nc6 8.d5 Ne7
9.b4 Kh8 10.c5 Neg8 11.a4 Nh5 12.Re1 f5 13.Bg5 Nhf6 14.exf5 gxf5 15.Rc1 a6
16.a5 Bd7 17.cxd6 cxd6 18.Na4 Bxa4 19.Qxa4 Qe8 20.Qxe8 Raxe8 21.Rc7 Rb8 22.Rd1 Rfc8
23.Rf7 Rf8 24.Rc7 Rfc8 25.Rf7 Rf8 26.Rc7 Rfc8  1/2-1/2

[Event "X Anibal Open"]
[Site "Linares ESP"]
[Date "2003.02.28"]
[Round "1"]
[White "Murzin,L"]
[Black "Kotronias,V"]
[Result "0-1"]
[WhiteElo "2274"]
[BlackElo "2573"]

1.d4 Nf6 2.c4 g6 3.Nc3 Bg7 4.e4 d6 5.Nf3 O-O 6.Be2 e5 7.O-O Nc6 8.d5 Ne7
9.b4 Nh5 10.Re1 f5 11.Ng5 Nf6 12.f3 c6 13.Be3 Bh6 14.h4 cxd5 15.cxd5 Bd7
16.Qd2 a6 17.a4 f4 18.Bf2 Bxg5 19.hxg5 Nh5 20.b5 Nc8 21.b6 Qxg5 22.Rec1 Qd8
23.Qe1 Ng3 24.Bxg3 fxg3 25.Qxg3 Qxb6+ 26.Qf2 Qa5 27.Qe3 Rb8 28.Kf2 Rf7 29.Rh1 Be8
30.Kg3 Nb6 31.Nb5 axb5 32.axb5 Na4 33.Qa3 Qd2  0-1

[Event "57th ch-POL w"]
[Site "Sroda Wlkp POL"]
[Date "2003.02.28"]
[Round "2"]
[White "Zielinska,Mar"]
[Black "Nowak,D"]
[Result "1-0"]
[WhiteElo "2430"]
[BlackElo "2098"]

1.d4 Nf6 2.Nf3 g6 3.c4 Bg7 4.Nc3 d6 5.e4 O-O 6.Be2 e5 7.O-O Nc6 8.d5 Ne7
9.Ne1 Nd7 10.f3 f5 11.g4 f4 12.h4 Kf7 13.Ng2 Ng8 14.Bd2 Bf6 15.Be1 a6 16.Kh2 h6
17.Rc1 g5 18.h5 Be7 19.b4 b6 20.Bf2 Ngf6 21.Ne1 Kg7 22.Rh1 Qe8 23.Kg2 Bb7
24.Nd3 a5 25.a3 axb4 26.axb4 Ba6 27.Qb3 Qf7 28.Rh3 Rfc8 29.Nb2 Rcb8 30.Rhh1 Rf8
31.Nb1 Ra7 32.Rc3 Rfa8 33.Na3 Qe8 34.Nd3 Qb8 35.Rhc1 Qe8 36.Qd1 Bd8 37.Nc2 Be7
38.Ra1 Qb8 39.Nb2 Bc8 40.Rxa7 Rxa7 41.Na3 Ba6 42.Rc1 Kf7 43.Ra1 Qa8 44.Qc1 Ne8
45.Nd1 Nef6 46.Nc3 Ke8 47.Ra2 Kd8 48.Qa1 Bc8 49.Ncb5 Ra4 50.Nxc7  1-0

[Event "6th Open"]
[Site "Malaga ESP"]
[Date "2003.03.01"]
[Round "9"]
[White "Cifuentes Parada,R"]
[Black "Borbjerggaard,L"]
[Result "1/2-1/2"]
[WhiteElo "2506"]
[BlackElo "2383"]

1.d4 Nf6 2.c4 g6 3.Nc3 Bg7 4.e4 d6 5.Nf3 O-O 6.Be2 e5 7.O-O Nc6 8.Be3 exd4
9.Nxd4 Re8 10.f3 Nh5 11.Qd2 Nxd4 12.Bxd4 Nf4 13.Rfd1 Qg5 14.Bf1 Bxd4+ 15.Qxd4 Ne6
16.Qf2 Qc5 17.Nd5 Qxf2+ 18.Kxf2 Kg7 19.g3 Rf8 20.Bh3 f5 21.exf5 gxf5 22.Re1 Rf7
23.Re2 Bd7 24.Rae1 Re8 25.b4 Kf8 26.f4 Nd4 27.Rxe8+ Bxe8 28.Rd1 c5 29.b5 Bd7
30.Bg2 Be6 31.Ne3 Re7 32.Rd3 Ke8 33.Ra3 b6 34.Rd3 Kd8 35.a4 Bc8 36.a5 bxa5
37.Ra3 a6 38.b6 Bb7 39.Bxb7 Rxb7 40.Nd5 Nc6 41.h3 h5 42.g4 fxg4 43.hxg4 hxg4
44.Kg3 Ne7 45.Ne3 Rxb6 46.Kxg4 Nc6 47.Nd5 Rb1 48.Rh3 a4 49.Rh8+ Kd7 50.Rh7+ Ke6
51.Rh6+ Kd7 52.Rh7+ Ke6 53.Rh6+ Kd7  1/2-1/2

[Event "52nd ch-BUL w"]
[Site "Sofia BUL"]
[Date "2003.03.03"]
[Round "11"]
[White "Genova,R"]
[Black "Topel,Z"]
[Result "1-0"]
[WhiteElo "2233"]
[BlackElo "2131"]

1.d4 Nf6 2.Nf3 g6 3.c4 Bg7 4.Nc3 d6 5.e4 O-O 6.Be2 e5 7.O-O Nc6 8.d5 Ne7
9.Bg5 h6 10.Bxf6 Bxf6 11.b4 a5 12.a3 Bg7 13.Nd2 f5 14.f3 f4 15.c5 g5 16.Nc4 axb4
17.axb4 Rxa1 18.Qxa1 Ng6 19.cxd6 cxd6 20.Nb5 Rf6 21.Qa8 Bf8 22.Rc1 Ne7 23.Qb8 Ng6
24.Kh1 Kg7 25.Ncxd6 Bxd6 26.Nxd6 Rxd6 27.Rxc8 Qe7 28.Bb5 Kf6 29.Rc7 Qd8 30.Qxd8+ Rxd8
31.Rxb7 Ra8 32.h3 Ra1+ 33.Kh2 Nh4 34.Rb6+ Kg7 35.Ra6 Rb1 36.Ra2 Rxb4 37.Bc6 Rd4
38.Be8 Kf8 39.Bh5 Ke7 40.Kg1 Kd6 41.Kf2 Kc5 42.Rc2+ Kb4 43.Ke1 Kb5 44.Be8+ Kb6
45.Kf2 Kb7 46.g3 fxg3+ 47.Kxg3 Rd3 48.Bh5 Rd1 49.Kf2 Rh1 50.Ke3 Rxh3 51.Bg4 Rh1
52.d6 h5 53.d7 Rd1 54.Be6 Rd6 55.Rc8 Ng2+ 56.Kf2 Rd2+ 57.Kg3 Nf4 58.Bd5+  1-0

[Event "11th Fajr Open"]
[Site "Tehran IRI"]
[Date "2003.03.03"]
[Round "6"]
[White "Ghorbani,M"]
[Black "Asgari,M"]
[Result "1-0"]
[WhiteElo "2316"]
[BlackElo "2219"]

1.d4 Nf6 2.c4 g6 3.Nc3 Bg7 4.e4 d6 5.Be2 O-O 6.Nf3 e5 7.O-O Nc6 8.Be3 Qe7
9.d5 Nd8 10.Nd2 Ne8 11.b4 f5 12.f3 f4 13.Bf2 g5 14.c5 Rf6 15.Nc4 Rg6 16.g4 fxg3
17.hxg3 h5 18.cxd6 cxd6 19.Ne3 Nf7 20.Rc1 g4 21.fxg4 Bh6 22.Nf5 Bxf5 23.gxf5 Rg7
24.Bxh5 Bxc1 25.Qxc1 Nf6 26.Bxf7+ Kxf7 27.Kg2 Rag8 28.Rh1 Qc7 29.Qd2 Qc4
30.Kf3 Rc8 31.Be1 Qxb4 32.Qe3 Rc4 33.Rh4 Rd4 34.Nd1 Qc4 35.Nf2 Qxa2 36.Rh6 Nxd5
37.exd5 Qxd5+ 38.Ke2 Qc4+ 39.Kf3 Qd5+ 40.Ke2 Qb5+ 41.Nd3 Qc4 42.Qf3 Kg8 43.Re6 Rgg4
44.Bc3 Rge4+ 45.Kd2 Qa2+ 46.Kc1 Qa3+ 47.Kc2 Qa2+ 48.Nb2 Rc4 49.Re8+ Kg7 50.f6+ Kg6
51.Rg8+ Kf7 52.Qh5+ Ke6 53.Qe8+ Kd5 54.Qf7+ Kc6 55.Rc8+ Kb6 56.Rxc4 Re2+
57.Kd1 Rxb2 58.Rb4+  1-0

[Event "X Anibal Open"]
[Site "Linares ESP"]
[Date "2003.03.04"]
[Round "5"]
[White "Peng Zhaoqin"]
[Black "Grigoriants,S RUS"]
[Result "0-1"]
[WhiteElo "2425"]
[BlackElo "2524"]

1.d4 Nf6 2.Nf3 g6 3.c4 Bg7 4.Nc3 O-O 5.e4 d6 6.Be2 e5 7.O-O Nc6 8.d5 Ne7
9.b4 a5 10.bxa5 c5 11.a4 Rxa5 12.Ra3 h6 13.Ne1 Ra6 14.Kh1 Nd7 15.Nb5 f5 16.exf5 Nxf5
17.Bd3 Nf6 18.f3 Bd7 19.Nc2 Nh5 20.Qe1 Nf4 21.Be4 g5 22.g3 Ng6 23.Bd2 Nge7
24.Qb1 Nd4 25.Ncxd4 exd4 26.Re1 Be5 27.f4 Bf6 28.fxg5 hxg5 29.Qd1 Kg7 30.Rf1 Ng6
31.Qh5 Qe8 32.Bb1 Rh8 33.Qf3 Qe7 34.Nc7 Rb6 35.Nb5 Ne5 36.Qe4 Be8 37.a5 Ra6
38.Qc2 Ng4 39.h4 gxh4 40.Qf5 Qe2  0-1

[Event "FSIMB March"]
[Site "Budapest HUN"]
[Date "2003.03.07"]
[Round "7"]
[White "Berczes,D"]
[Black "Farago,S"]
[Result "1-0"]
[WhiteElo "2261"]
[BlackElo "2334"]

1.d4 Nf6 2.c4 g6 3.Nc3 Bg7 4.e4 d6 5.Nf3 O-O 6.Be2 e5 7.O-O Nc6 8.d5 Ne7
9.Bg5 h6 10.Bxf6 Bxf6 11.b4 Bg7 12.Nd2 f5 13.c5 fxe4 14.Ndxe4 Nf5 15.Bg4 Rf7
16.Qd3 a6 17.Rac1 Bf8 18.Bh3 b6 19.Ne2 Bd7 20.Rfd1 Ba4 21.Re1 Bb5 22.Qd2 Qh4
23.N2g3 a5 24.cxb6 cxb6 25.bxa5 bxa5 26.Rb1 Ba4 27.Qd3 Kg7 28.Nxf5+ gxf5
29.Ng3 Kh8 30.Bxf5 Qf6 31.Qe2 Bd7 32.Bxd7 Rxd7 33.Rec1 Rf7 34.Rc6 a4 35.Ne4 Qg6
36.Rbb6 Rg7 37.g3 Qf7 38.Qd2 Rg4 39.Nxd6 Qf3 40.Nc4 Re8 41.Rf6 Qe4 42.Nd6 Bxd6
43.Rxh6+ Kg8 44.Rhxd6 Rf8 45.h3 Rg7 46.Rf6 Rc8 47.Rb4 Qh7 48.Kh2 e4 49.d6 Re8
50.Rb5 Kh8 51.Rh6  1-0

[Event "TCh-CZE 2002-3"]
[Site "Czech Rep CZE"]
[Date "2003.03.16"]
[Round "9"]
[White "Likavsky,T"]
[Black "Gross,Dav CZE"]
[Result "1-0"]
[WhiteElo "2465"]
[BlackElo "2462"]

1.d4 Nf6 2.c4 g6 3.Nc3 Bg7 4.e4 d6 5.Nf3 O-O 6.Be2 e5 7.O-O Nc6 8.d5 Ne7
9.Ne1 Nd7 10.Be3 f5 11.f3 f4 12.Bf2 g5 13.a4 h5 14.a5 Nf6 15.c5 g4 16.cxd6 cxd6
17.Nb5 g3 18.Bxa7 Rxa7 19.Nxa7 Bd7 20.Qb3 Ng6 21.Qb6 Qe7 22.Kh1 Kh8 23.Bb5 Bg4
24.Rc1 Nxd5 25.exd5 e4 26.fxg4 Qh4 27.Qg1 Ne5 28.Be2 hxg4 29.Rc8 Ng6 30.Rxf8+ Bxf8
31.Bxg4 Qxg4 32.Qd4+ Bg7 33.Qxe4 gxh2 34.Nb5 Be5 35.Nf3  1-0

[Event "TSIM March"]
[Site "Subotica YUG"]
[Date "2003.03.28"]
[Round "6"]
[White "Micic,C"]
[Black "Popovic,Du"]
[Result "1/2-1/2"]
[WhiteElo "2408"]
[BlackElo "2435"]

1.d4 Nf6 2.c4 g6 3.Nc3 Bg7 4.e4 d6 5.Nf3 O-O 6.Be2 e5 7.O-O Nc6 8.d5 Ne7
9.Ne1 Nd7 10.f3 f5 11.Be3 Kh8  1/2-1/2

[Event "TSIM March"]
[Site "Subotica YUG"]
[Date "2003.03.28"]
[Round "6"]
[White "Dragojlovic,A"]
[Black "Marholev,D"]
[Result "0-1"]
[WhiteElo "2334"]
[BlackElo "2284"]

1.c4 Nf6 2.Nc3 g6 3.e4 d6 4.d4 Bg7 5.Nf3 O-O 6.Be2 e5 7.O-O Nc6 8.d5 Ne7
9.Bd2 Nd7 10.b4 a5 11.c5 dxc5 12.bxa5 Rxa5 13.Nb5 Ra8 14.Bg5 Nf6 15.Qc2 Nd7
16.Rfd1 f6 17.Be3 b6 18.a4 Ba6 19.d6 cxd6 20.Bc4+ d5 21.exd5 Bxb5 22.axb5 Nf5
23.Ra6 Nd6 24.Rda1 Rxa6 25.Rxa6 g5 26.h3 e4 27.Nd2 f5  0-1

[Event "TSGM March"]
[Site "Subotica YUG"]
[Date "2003.03.29"]
[Round "9"]
[White "Benkovic,P"]
[Black "Dimitrijevic,A"]
[Result "1-0"]
[WhiteElo "2469"]
[BlackElo "2369"]

1.Nf3 d6 2.d4 Nf6 3.c4 g6 4.Nc3 Bg7 5.e4 O-O 6.Be2 e5 7.O-O Nc6 8.d5 Ne7
9.b4 Ne8 10.c5 h6 11.Ba3 f5 12.Nd2 Nf6 13.Rc1 h5 14.exf5 Nxf5 15.Nde4 Ne8
16.Bd3 Bh6 17.Rb1 Nd4 18.Bc1 Bf4 19.Bxf4 Rxf4 20.Ne2 Nxe2+ 21.Qxe2 Ng7 22.f3 Nf5
23.g3 Nd4 24.Qe3 Rf7 25.Ng5 Rg7 26.f4 Nf5 27.Bxf5 gxf5 28.Rbc1 Bd7 29.Rfe1 Qf6
30.cxd6 cxd6 31.h4 Re7 32.Qf3 Be8 33.fxe5 dxe5 34.Kh2 Rd8 35.Ne4 Qg6 36.Rf1 Bd7
37.Ng5 Rf8 38.Qb3 Qd6 39.Rf2 Kg7 40.Re1  1-0

[Event "XII It II"]
[Site "Dos Hermanas ESP"]
[Date "2003.03.30"]
[Round "3"]
[White "Pogorelov,R"]
[Black "Matamoros Franco,C"]
[Result "0-1"]
[WhiteElo "2517"]
[BlackElo "2461"]

1.d4 Nf6 2.c4 g6 3.Nc3 Bg7 4.e4 d6 5.Be2 O-O 6.Nf3 e5 7.O-O Nc6 8.d5 Ne7
9.Ne1 Nd7 10.Be3 f5 11.f3 f4 12.Bf2 g5 13.a4 a5 14.Nd3 b6 15.b4 axb4 16.Nb5 Nf6
17.Be1 g4 18.Bxb4 g3 19.h3 Bxh3 20.gxh3 Qd7 21.Kg2 Ng6 22.Rh1 Nh4+ 23.Kg1 Nxe4
24.fxe4 f3 25.Bd2 f2+ 26.Nxf2 Rxf2 27.Rh2 gxh2+ 28.Kxf2 Qxh3 29.Qh1 Rf8+
30.Ke1 Qg2 31.Bf3 Nxf3+  0-1

[Event "FSIMA April"]
[Site "Budapest HUN"]
[Date "2003.04.11"]
[Round "7"]
[White "Galyas,M"]
[Black "Farago,S"]
[Result "1/2-1/2"]
[WhiteElo "2413"]
[BlackElo "2342"]

1.d4 Nf6 2.c4 d6 3.Nc3 g6 4.e4 Bg7 5.Nf3 O-O 6.Be2 e5 7.O-O Nc6 8.d5 Ne7
9.Bg5 Kh8 10.Nd2 Neg8 11.b4 Bh6 12.Bxh6 Nxh6 13.c5 Ne8 14.Nc4 f5 15.f4 exf4
16.Rxf4 Qf6 17.Rc1 g5 18.Rf1 f4 19.cxd6 cxd6 20.Nb5 Bd7 21.Nbxd6 Nxd6 22.e5 Qg7
23.Nxd6 Qxe5 24.Nc4 Qf6 25.Qd2 Rad8 26.Na5 Bc8 27.Bf3 Nf5 28.Qc3 Ne3 29.Qxf6+ Rxf6
30.Rf2 g4 31.Be4 Re8 32.Nc4 Rxe4 33.Nxe3 Bd7 34.Nc4 Bb5 35.Rfc2 f3 36.d6 Ref4
37.gxf3 gxf3 38.Kf2 Re4 39.Ne3 Rxd6 40.Rc8+ Be8 41.R1c4 Rde6 42.Rxe4  1/2-1/2

[Event "ch-POLJ u20 w"]
[Site "Jarnoltowek POL"]
[Date "2003.04.11"]
[Round "7"]
[White "Kadziolka,B"]
[Black "Nowak,D"]
[Result "1/2-1/2"]
[WhiteElo "2206"]
[BlackElo "2098"]

1.d4 Nf6 2.c4 g6 3.Nc3 Bg7 4.e4 d6 5.Be2 O-O 6.Nf3 e5 7.O-O Nc6 8.d5 Ne7
9.b4 Nh5 10.c5 Nf4 11.Bxf4 exf4 12.Rc1 h6 13.Nd4 g5 14.Bh5 Kh8 15.Ncb5 Ng8
16.Be2 Nf6 17.f3 h5 18.Qd2 Bh6 19.Rcd1 g4 20.Bc4 Re8 21.Nf5 Bxf5 22.exf5 Qd7
23.cxd6  1/2-1/2

[Event "IM"]
[Site "Deizisau GER"]
[Date "2003.04.12"]
[Round "2"]
[White "Janssen,R"]
[Black "Bindrich,F"]
[Result "1-0"]
[WhiteElo "2483"]
[BlackElo "2284"]

1.Nf3 Nf6 2.c4 g6 3.Nc3 Bg7 4.d4 d6 5.e4 O-O 6.Be2 e5 7.O-O Nc6 8.d5 Ne7
9.Nd2 a5 10.a3 Bd7 11.b3 c6 12.Rb1 b5 13.dxc6 b4 14.c7 Qxc7 15.Nd5 Nexd5
16.cxd5 Bh6 17.Bd3 Bg5 18.f3 Be3+ 19.Kh1 Ba7 20.Nc4 Bc5 21.a4 Bc8 22.f4 exf4
23.Bxf4 Nh5 24.Bh6 Re8 25.Rc1 Qe7 26.Qf3 Ra7 27.e5 dxe5 28.Nxe5 Bd6 29.Nc4 Bc5
30.Nd2 Bd4 31.Bb5 Bd7 32.d6 Qf6 33.Qd5 Bf2 34.Ne4 Qd4 35.Bc4 Be6 36.Qxd4 Bxd4
37.Bxe6 fxe6 38.Rc7 Rxc7 39.dxc7 Be5 40.g4 Ng7 41.Bf4 Bxf4 42.Nf6+  1-0

[Event "34th Norwegian Open"]
[Site "Oslo NOR"]
[Date "2003.04.13"]
[Round "2"]
[White "Bae,T"]
[Black "Pham,T"]
[Result "1-0"]
[WhiteElo "2347"]
[BlackElo "2096"]

1.Nf3 Nf6 2.c4 g6 3.d4 Bg7 4.Nc3 O-O 5.e4 d6 6.Be2 e5 7.O-O Nc6 8.d5 Ne7
9.Bg5 Nd7 10.b4 f5 11.c5 h6 12.Bxe7 Qxe7 13.Rc1 Nf6 14.Nd2 Rf7 15.Nb5 Qd8
16.cxd6 cxd6 17.Qc2 Ne8 18.a4 a6 19.Nc3 b6 20.Nc4 f4 21.Qd3 Nf6 22.a5 b5
23.Nb6 Rb8 24.Nb1 Bb7 25.Rc3 Nd7 26.Nxd7 Qxd7 27.Rfc1 Rc8 28.Rxc8+ Bxc8 29.Qc3 Bb7
30.Nd2 Bf6 31.h3 h5 32.g4 fxg3 33.Qxg3 Kh7 34.Nf3 Rf8 35.Ng5+ Bxg5 36.Qxg5 Qf7
37.f3 Kg7 38.Kh2 Qf4+ 39.Qxf4 Rxf4 40.Kg3 Rf7 41.h4 Kf6 42.Bf1 Ke7 43.Bh3 Kd8
44.Be6 Rf4 45.Rh1 Kc7 46.Kf2 Kd8 47.Ke3 Ke7 48.Rc1 Kd8 49.Bg8 Rxh4 50.Rg1 Bc8
51.Rxg6 Kc7 52.Rg7+ Kd8 53.Bf7 Rh2 54.Rg8+ Ke7 55.Bxh5 Bd7 56.Bg4 Bxg4 57.Rxg4 Rb2
58.Rg7+ Kd8 59.Ra7 Rxb4 60.Rxa6 Kd7 61.Rb6 Rb3+ 62.Kf2 b4 63.Kg3 Ra3 64.Rxb4 Rxa5
65.Rb7+ Ke8 66.Kg4 Ra1 67.Rh7 Rg1+ 68.Kf5 Rg3 69.Kf6 Rg2 70.Rf7 Rg3 71.Ke6 Rh3
72.Rf6  1-0

[Event "XXI Open"]
[Site "Metz FRA"]
[Date "2003.04.20"]
[Round "2"]
[White "Lalic,B"]
[Black "Lanneau,B"]
[Result "1-0"]
[WhiteElo "2549"]
[BlackElo "2172"]

1.d4 d6 2.Nf3 g6 3.c4 Bg7 4.Nc3 Nf6 5.e4 O-O 6.Be2 e5 7.O-O Nc6 8.d5 Ne7
9.Nd2 a5 10.a3 Bd7 11.b3 Ne8 12.Ra2 f5 13.b4 axb4 14.axb4 Rxa2 15.Nxa2 Bh6
16.Nc3 Nf6 17.Bf3 Bxd2 18.Bxd2 f4 19.Qc2 g5 20.Rc1 h5 21.Be2 h4 22.c5 Qe8
23.f3 g4 24.fxg4 Bxg4 25.Bxg4 Nxg4 26.Qd1 Qg6 27.Qf3 Rf7 28.h3 Nf6 29.Be1 Qh6
30.Nb5 Nfxd5 31.exd5 e4 32.Qf2 Nxd5 33.cxd6 c6 34.Rc5 Qe6 35.Nc7 Qxd6 36.Nxd5 cxd5
37.Qxh4 Rg7 38.Qh5 Kf8 39.Rc8+ Ke7 40.Bh4+ Ke6 41.Qh6+  1-0

[Event "5th Open"]
[Site "Dubai UAE"]
[Date "2003.04.26"]
[Round "7"]
[White "Gleizerov,E"]
[Black "Mamedov,Rau"]
[Result "1/2-1/2"]
[WhiteElo "2574"]
[BlackElo "2330"]

1.d4 Nf6 2.c4 g6 3.Nc3 Bg7 4.e4 d6 5.Nf3 O-O 6.Be2 e5 7.O-O Nc6 8.d5 Ne7
9.Nd2 a5 10.a3 Kh8 11.Rb1 Nfg8 12.b4 f5 13.c5 axb4 14.axb4 fxe4 15.Ndxe4 Nf5
16.Bg5 Nf6 17.Bd3 h6 18.Bxf6 Bxf6 19.Ng3 Bg7 20.Be4 Qh4 21.Ra1 Rxa1 22.Qxa1 h5
23.Qd1 Bh6 24.Re1 Nd4 25.Bxg6 Bg4 26.Qd3 Rf3 27.Re3 Rf8 28.Re1 Rf3 29.Re3 Rf8
30.Re1 Qf6  1/2-1/2

[Event "I Regina Prol"]
[Site "Santos BRA"]
[Date "2003.04.28"]
[Round "9"]
[White "Molina,Jo"]
[Black "Marques,V"]
[Result "0-1"]
[WhiteElo "2274"]
[BlackElo "2353"]

1.d4 Nf6 2.c4 g6 3.Nc3 Bg7 4.e4 d6 5.Be2 O-O 6.Nf3 e5 7.O-O Nc6 8.d5 Ne7
9.Ne1 Ne8 10.Nd3 f5 11.Bd2 Nf6 12.f3 Kh8 13.Rc1 c6 14.Nf2 f4 15.b4 h5 16.a4 g5
17.h3 Rg8 18.Qb3 Bh6 19.Rc2 Ng6 20.c5 Nh4 21.cxd6 g4 22.hxg4 hxg4 23.fxg4 Nxg4
24.Nxg4 Bxg4 25.Bxg4 Rxg4 26.Be1 Qb6+ 27.Kh1 Rag8 28.Nd1 Nxg2 29.Qh3 Kh7
30.Bf2 Qxb4 31.Nc3 Qxd6 32.dxc6 bxc6 33.Rd1 Qe6 34.Rd3 R8g7 35.Rcd2 Ne3 36.Rd6 Rg1+  0-1

[Event "St Petersburg vs. Moscow"]
[Site "St Petersburg RUS"]
[Date "2003.05.03"]
[Round "1"]
[White "Akhmetov,A"]
[Black "Shchukin,D"]
[Result "1-0"]
[WhiteElo "2463"]
[BlackElo "2419"]

1.d4 Nf6 2.c4 g6 3.Nc3 Bg7 4.e4 d6 5.Nf3 O-O 6.Be2 e5 7.O-O Nc6 8.d5 Ne7
9.b4 Nh5 10.Re1 Nf4 11.Bf1 h6 12.Nd2 g5 13.c5 Neg6 14.Nc4 h5 15.a4 Nh4 16.cxd6 cxd6
17.Nb5 Bg4 18.f3 Nh3+ 19.gxh3 Bxf3 20.Be2 Bxe4 21.Nbxd6 Bg2 22.Ra3 f5 23.Rg3 g4
24.Rxg2 Nxg2 25.Kxg2 Qh4 26.hxg4 fxg4 27.Ne4 g3 28.Nxg3 Rf2+ 29.Kxf2 Qxh2+
30.Ke3 Qxg3+ 31.Kd2 e4 32.Bb2 Rd8 33.Kc2  1-0

[Event "FSIMA May"]
[Site "Budapest HUN"]
[Date "2003.05.04"]
[Round "2"]
[White "Husari,Sa"]
[Black "Schoepf,A"]
[Result "1-0"]
[WhiteElo "2334"]
[BlackElo "2124"]

1.d4 Nf6 2.c4 g6 3.Nc3 Bg7 4.e4 d6 5.Nf3 O-O 6.Be2 e5 7.O-O Nc6 8.d5 Ne7
9.b4 Ne8 10.c5 Kh8 11.a4 a5 12.Ba3 axb4 13.Bxb4 f5 14.Nd2 Ng8 15.a5 Ngf6
16.Re1 Rg8 17.Bf1 f4 18.Nc4 g5 19.cxd6 cxd6 20.Nb5 Bf8 21.Qb3 g4 22.Qa3 Ra6
23.Nxe5 dxe5 24.Bxf8 g3 25.fxg3 fxg3 26.h3 b6 27.Be7 Qd7 28.d6 bxa5 29.Nc7 Rb6
30.Qc5 Rxd6 31.Bxd6 Nxd6 32.Rad1 Nfxe4 33.Qxe5+ Qg7 34.Qxg7+ Kxg7 35.Nb5 Nxb5
36.Rxe4 Nc3 37.Re7+ Kf6 38.Rde1 Bf5 39.Rc7 Ne4 40.Ra7 Rd8 41.Rxa5  1-0

[Event "FSGM May"]
[Site "Budapest HUN"]
[Date "2003.05.04"]
[Round "2"]
[White "Szeberenyi,A"]
[Black "Prusikhin,M"]
[Result "0-1"]
[WhiteElo "2401"]
[BlackElo "2525"]

1.d4 d6 2.Nf3 g6 3.c4 Bg7 4.Nc3 Nf6 5.e4 O-O 6.Be2 e5 7.O-O Nc6 8.d5 Ne7
9.b4 Nh5 10.Re1 f5 11.Ng5 Nf6 12.Bf3 c6 13.Qb3 Kh8 14.Bb2 fxe4 15.Ncxe4 cxd5
16.cxd5 Nxe4 17.Rxe4 Rf5 18.Ne6 Bxe6 19.dxe6 d5 20.Ree1 Qb6 21.Rad1 Raf8
22.Qc3 h5 23.Qd2 Qxe6 24.Re2 Rxf3 25.gxf3 Rxf3 26.Qg5 Rf5 27.Qe3 Qf7 28.Qb3 Qf6
29.Rde1 Qh4 30.f3 Rg5+ 31.Kh1 Nf5 32.Bxe5 Bxe5 33.Rxe5 Ng3+ 34.Kg2 Ne4+ 35.Rxg5 Qf2+
36.Kh1 Qxe1+ 37.Rg1 Nf2+ 38.Kg2 Qd2 39.Rf1 Ng4+  0-1

[Event "Riviera IM"]
[Site "Opatija CRO"]
[Date "2003.05.05"]
[Round "7"]
[White "Rezan,S"]
[Black "Rasic,D"]
[Result "1-0"]
[WhiteElo "2391"]
[BlackElo "2337"]

1.d4 Nf6 2.c4 g6 3.Nc3 Bg7 4.e4 d6 5.Be2 O-O 6.Nf3 e5 7.O-O Nc6 8.Be3 Ng4
9.Bg5 f6 10.Bc1 Nh6 11.d5 Ne7 12.b4 Nf7 13.a4 Bh6 14.Ba3 f5 15.a5 fxe4 16.Nxe4 Bf5
17.Bd3 Bxe4 18.Bxe4 Ng5 19.Nxg5 Bxg5 20.Qd3 Nf5 21.Rae1 Qd7 22.Bb2 Rae8 23.g3 Bf6
24.Re2 Bg7 25.Kg2 Bh6 26.Bc3 Bg7 27.Rh1 Rf7 28.Rc1 Ref8 29.Rcc2 Qd8 30.Kg1 Qg5
31.Bg2 Qd8 32.c5 dxc5 33.bxc5 Nd4 34.Bxd4 exd4 35.Re6 Qd7 36.h4 Qa4 37.a6 b6
38.c6 Qa1+ 39.Kh2 Rxf2 40.Rxf2 Rxf2 41.d6 Rf8 42.dxc7 Qc3 43.Qe4 Qe3 44.Qd5  1-0

[Event "Riviera IM"]
[Site "Opatija CRO"]
[Date "2003.05.08"]
[Round "13"]
[White "Rezan,S"]
[Black "Grobelsek,A"]
[Result "1-0"]
[WhiteElo "2391"]
[BlackElo "2065"]

1.d4 Nf6 2.c4 g6 3.Nc3 Bg7 4.e4 d6 5.Nf3 O-O 6.Be2 e5 7.O-O Nc6 8.d5 Ne7
9.Nd2 Ne8 10.b4 f5 11.a4 Nf6 12.c5 Rf7 13.f3 Bf8 14.Nc4 Kh8 15.f4 Nxe4 16.Nxe4 fxe4
17.fxe5 Rxf1+ 18.Kxf1 dxe5 19.Bg5 Qd7 20.d6 cxd6 21.cxd6 Nc6 22.b5 Nb8 23.Bf6+ Bg7
24.Bxe5 Bxe5 25.Nxe5 Qg7 26.Qd5 Nd7 27.Nf7+ Kg8 28.Ng5+ Kh8 29.Rc1 Nf6 30.Qd4 Bd7
31.Nxe4 Nxe4 32.Qxe4 Rc8 33.Rxc8+ Bxc8 34.Qe8+ Qg8 35.d7 Bxd7 36.Qxd7  1-0

[Event "FSIMB May"]
[Site "Budapest HUN"]
[Date "2003.05.10"]
[Round "8"]
[White "Fang,J"]
[Black "Varga,Cs2"]
[Result "1-0"]
[WhiteElo "2314"]
[BlackElo "2168"]

1.c4 Nf6 2.Nc3 g6 3.e4 d6 4.d4 Bg7 5.Be2 O-O 6.Nf3 e5 7.O-O Nc6 8.d5 Ne7
9.Ne1 Nd7 10.Be3 f5 11.f3 f4 12.Bf2 g5 13.a4 a5 14.Nd3 b6 15.Be1 Rf6 16.Nb5 Rg6
17.Nf2 h5 18.b4 Kh7 19.h3 Ng8 20.Kh2 Ngf6 21.Rh1 Kg8 22.Kg1 Bf8 23.Ra3 Ne8
24.Bd2 Qf6 25.bxa5 bxa5 26.Qe1 Qg7 27.Bxa5 Ndf6 28.Kf1 Ra6 29.Bd2 g4 30.fxg4 hxg4
31.hxg4 Nxg4 32.Nxg4 Bxg4 33.Bxg4 Rxg4 34.Rah3 Rxa4 35.Rh8+ Qxh8 36.Rxh8+ Kxh8
37.Qd1 f3 38.gxf3  1-0

[Event "FSIMA May"]
[Site "Budapest HUN"]
[Date "2003.05.10"]
[Round "8"]
[White "Galyas,M"]
[Black "Schoepf,A"]
[Result "1-0"]
[WhiteElo "2413"]
[BlackElo "2124"]

1.d4 Nf6 2.c4 g6 3.Nc3 Bg7 4.e4 d6 5.Nf3 O-O 6.Be2 e5 7.O-O Nc6 8.d5 Ne7
9.Bg5 h6 10.Bxf6 Bxf6 11.b4 Bg7 12.c5 f5 13.Bd3 f4 14.Nd2 g5 15.Be2 Kh7 16.Bg4 Ng8
17.Nc4 h5 18.Bxc8 Rxc8 19.Qxh5+ Bh6 20.g4 Nf6 21.Qh3 Nxg4 22.Qxg4 f3 23.Ne3 Rf4
24.Qh5 Qf6 25.Ng4 Qg6 26.Qxg6+ Kxg6 27.Nxh6 Rh4 28.Nf5 Rh3 29.Nd1 Rch8 30.Nde3 Rxh2
31.Ng3 g4 32.cxd6 cxd6 33.Rfc1 Kg5 34.Rc7 R8h4 35.Rg7+ Kf4 36.Rxg4+ Rxg4
37.Kxh2  1-0

[Event "12th Chicago Open"]
[Site "Oak Brook USA"]
[Date "2003.05.23"]
[Round "1"]
[White "Sarkar,J"]
[Black "Aramil,W"]
[Result "1-0"]
[WhiteElo "2389"]
[BlackElo "2225"]

1.d4 Nf6 2.c4 g6 3.Nc3 Bg7 4.e4 d6 5.Nf3 O-O 6.Be2 e5 7.O-O Nc6 8.d5 Ne7
9.Ne1 Nd7 10.Be3 f5 11.f3 f4 12.Bf2 g5 13.Rc1 Ng6 14.c5 Nxc5 15.b4 Na6 16.Nd3 h5
17.Nb5 Bd7 18.a4 Bh6 19.Rc4 b6 20.Kh1 Rf7 21.Nb2 Nh4 22.Qc1 g4 23.Qe1 Ng6
24.Rc2 Bc8 25.Qd2 Bg5 26.Qc3 Rg7 27.Ra1 g3 28.hxg3 fxg3 29.Bxg3 Bh4 30.Bh2 Nf4
31.Nd3 Nxg2 32.Rg1 Ne3 33.Rxg7+ Kxg7 34.Rc1 Kh6 35.Nxe5 dxe5 36.Qxe3+ Bg5
37.f4 exf4 38.Bxf4 Nxb4 39.Rg1 Bg4 40.Bxg4 Bxf4 41.Qxf4+ Qg5 42.Qxg5+ Kxg5
43.Nxc7 Rh8 44.Ne6+ Kf6 45.Bf3  1-0

[Event "TCh-NOR"]
[Site "Asker NOR"]
[Date "2003.05.31"]
[Round "4"]
[White "Romsdal,T"]
[Black "Hagesaether,E"]
[Result "1/2-1/2"]
[WhiteElo "2207"]
[BlackElo "2166"]

1.d4 Nf6 2.c4 g6 3.Nc3 Bg7 4.e4 d6 5.Nf3 O-O 6.Be2 e5 7.O-O Nc6 8.d5 Ne7
9.b4 Ne8 10.c5 h6 11.Nd2 f5 12.Ba3 fxe4 13.Ndxe4 Nf5 14.Rc1 Nd4 15.Bc4 Qh4
16.f3 h5 17.cxd6 cxd6 18.Nb5 Nf5 19.Qe1 Qd8 20.Qf2 Bh6 21.Rce1 a6 22.Nbc3 Nd4
23.Bc1 Bxc1 24.Rxc1 b5 25.Bd3 Bb7 26.Qg3 Rf7 27.Qxg6+ Rg7 28.Qxh5 Bc8 29.Qxe8+ Qxe8
30.Nf6+ Kf7 31.Nxe8 Kxe8 32.Ne4 Kd7 33.f4 a5 34.f5 Bb7 35.bxa5 Rxa5 36.f6 Rf7
37.Ng5 Bxd5 38.Nxf7 Bxf7 39.Rf2 d5 40.g4 Kd6 41.Rd1 Ne6 42.Rb2 Ra4 43.h3 Nf4
44.Bf1 e4 45.Bxb5 Ra3 46.Bf1 Ke5 47.Rb3 Rxa2 48.g5 Bh5 49.Rc1 Ne6 50.Rg3 Kf4
51.Rg2 Rxg2+ 52.Bxg2 Kxg5 53.Rf1 Nf4 54.Kf2 Nxg2 55.Kxg2 Bf3+ 56.Kg3 Kxf6  1/2-1/2

[Event "4th IECC"]
[Site "Istanbul TUR"]
[Date "2003.05.31"]
[Round "2"]
[White "Shneider,A"]
[Black "Efimenko,Z"]
[Result "1/2-1/2"]
[WhiteElo "2497"]
[BlackElo "2599"]

1.d4 Nf6 2.c4 g6 3.Nc3 Bg7 4.e4 d6 5.Be2 O-O 6.Nf3 e5 7.O-O Nc6 8.d5 Ne7
9.b4 Nh5 10.Re1 f5 11.Ng5 Nf6 12.f3 Kh8 13.c5 Nh5 14.Bc4 Nf4 15.g3 h6 16.Ne6 Nxe6
17.dxe6 fxe4 18.fxe4 Nc6  1/2-1/2